000 00433nam a2200157 4500
001 139766
003 ES-MaACL
005 20230906195911.0
007 t|
008 070214s1961 sp r ||||1| spa d
100 1 _aSchneider, Ernst.
_9104554
245 1 3 _aLa alimentación y la salud /
_cErnst Schneider.
260 _aMadrid :
_bSafeliz,
_c1961.
300 _a484 p., 20 lám. ;
_c22 cm.
852 _aES-MaACL
_jC-20991
_bR.48622
999 _c139766
_d139766